LEADER 00931nam0-22003131i-450- 001 990005873040403321 005 20060213112451.0 010 $a88-435-6637-7 035 $a000587304 035 $aFED01000587304 035 $a(Aleph)000587304FED01 035 $a000587304 100 $a20000421d1998----km-y0itay50------ba 101 0 $aita 105 $aa-------001yy 200 1 $aFIORITURA tardogotica nelle Marche$fa cura di Paolo Dal Poggetto 210 $cElecta$aMilano$d1998. 215 $a363 p.$c136 ill.$d28 cm 610 0 $aArte gotica$aMarche$aEsposizioni$a1998 676 $a709.4567$v21$zita 676 $a709.023$v21$zita 702 1$aDal Poggetto,$bPaolo$f<1936-2019> 801 0$aIT$bUNINA$gRICA$2UNIMARC 901 $aBK 912 $a990005873040403321 952 $a709.023 MOSTRE URBINO 1998$bBibl.29596$fFLFBC 959 $aFLFBC 996 $aFIORITURA tardogotica nelle Marche$9564169 997 $aUNINA LEADER 01721nam 2200349 450 001 9910720892303321 005 20230703150345.0 035 $a(CKB)5710000000124336 035 $a(NjHacI)995710000000124336 035 $a(EXLCZ)995710000000124336 100 $a20230703d1987 uy 0 101 0 $ager 135 $aur||||||||||| 181 $ctxt$2rdacontent 182 $cc$2rdamedia 183 $acr$2rdacarrier 200 10$aBesteuerung, Inflation und Kapitalallokation $eIntersektorale und internationale Aspekte /$fHans-Heinrich Nachtkamp 210 1$aBern :$cPeter Lang International Academic Publishing Group,$d1987. 215 $a1 online resource (281 pages) 327 $aAus dem Schanz-Haig-Simons -- vs. Cash-Flow-Besteuerung -- Steuerinduzierte Kapitalstro?me -- Scheingewinnbesteuerung -- Investitionsneutrale Steuern -- Allokative Wirkungen steuerlicher Abschreibungssysteme und investitionsfo?rdernder Massnahmen. 330 $aIm Mittelpunkt der Arbeit stehen die Auswirkungen steuerlicher Abschreibungen und investitionsfo?rdernder Massnahmen auf die intersektorale und internationale Kapitalallokation. Der Autor analysiert sowohl bestehende steuerliche Vorschriften als auch Reformvorschla?ge (z.B. Cash-Flow-Steuersysteme) und stellt Regelungen vor, die steuerinduzierte Fehlallokationen vermeiden. 517 $aBesteuerung, Inflation und Kapitalallokation 606 $aInflation (Finance) 615 0$aInflation (Finance) 676 $a332.41 700 $aNachtkamp$b Hans-Heinrich$01281134 801 0$bNjHacI 801 1$bNjHacl 906 $aBOOK 912 $a9910720892303321 996 $aBesteuerung, Inflation und Kapitalallokation$93018201 997 $aUNINA